LEADER 01760nam 2200469 450 001 9910136679303321 005 20230725063048.0 010 $a1-62810-602-6 035 $a(CKB)3710000000907388 035 $a(MiAaPQ)EBC5244981 035 $a(EXLCZ)993710000000907388 100 $a20110920h20112011 uy| 0 101 0 $aeng 135 $aurcnu|||||||| 181 $2rdacontent 182 $2rdamedia 183 $2rdacarrier 200 10$aHealth care law and ethics in a nutshell /$fby Mark A. Hall, Ira Mark Ellman, David Orentlicher 205 $aThird edition. 210 1$aSt. Paul, Minnesota :$cThomson/West,$d[2011] 210 4$d©2011 215 $a1 online resource (275 pages) $cillustrations 225 1 $aWest nutshell series 300 $aIncludes index. 311 $a0-314-20987-5 327 $aHealth insurance coverage and regulatory reform -- The treatment relationship -- Hospital structure and regulation -- Antitrust law and health care -- Complex transactions and organizational forms -- Defining death and transplanting organs -- The law and ethics of withholding medical care and assisting "suicide" -- Selected issues in reproductive medicine. 410 0$aNutshell series. 606 $aMedical care$xLaw and legislation$zUnited States 606 $aMedical ethics$zUnited States 615 0$aMedical care$xLaw and legislation 615 0$aMedical ethics 676 $a344.730321 700 $aHall$b Mark A.$f1955-$0524665 702 $aEllman$b Ira Mark 702 $aOrentlicher$b David$f1955- 801 0$bMiAaPQ 801 1$bMiAaPQ 801 2$bMiAaPQ 906 $aBOOK 912 $a9910136679303321 996 $aHealth care law and ethics in a nutshell$92878073 997 $aUNINA LEADER 02457nas 2200853-- 450 001 996217539703316 005 20230321210805.0 011 $a1573-370X 035 $a(CKB)960238830454 035 $a(CONSER)---77647452- 035 $a(DE-599)ZDB2017231-X 035 $a(EXLCZ)99960238830454 100 $a20771007b19762000 --- a 101 0 $aeng 181 $ctxt$2rdacontent 182 $cc$2rdamedia 183 $acr$2rdacarrier 200 00$aJournal of psychology and Judaism 210 $cOttawa $cCenter for the study of Psychology and Judaism 210 2 $a[New York, N.Y.]$c[Human Sciences Press] 210 3 $cKluwer Academic/Human Sciences Press 215 $a1 online resource 300 $aRefereed/Peer-reviewed 311 08$aPrint version: Journal of psychology and Judaism. 0700-9801 (DLC) 77647452 (OCoLC)3324195 531 $aJ PSYCHOL JUDAISM 531 0 $aJ. psychol. Jud. 606 $aJudaism and psychology$vPeriodicals 606 $aJudaism 606 $aPsychology 606 $aJews 606 $aJudaism 606 $aPsychology 606 $aJudaïsme et psychologie$vPériodiques 606 $aJuifs 606 $aJudaïsme 606 $aPsychologie 606 $aJews$vPeriodicals$2[mesh] 606 $aJudaism$vPeriodicals$2[mesh] 606 $aPsychology$vPeriodicals$2[mesh] 606 $aJudaism$2aat 606 $apsychology$2aat 606 $aJudaism and psychology$2fast$3(OCoLC)fst00984446 606 $aPsychologie$2gtt 606 $aPsychotherapie$2gtt 606 $aJodendom$2gtt 608 $aPeriodical 608 $aPeriodicals.$2fast 608 $aPeriodicals.$2rbgenr 615 0$aJudaism and psychology 615 0$aJudaism. 615 0$aPsychology. 615 2$aJews 615 2$aJudaism 615 2$aPsychology 615 6$aJudaïsme et psychologie 615 6$aJuifs. 615 6$aJudaïsme. 615 6$aPsychologie. 615 7$aJews 615 7$aJudaism 615 7$aPsychology 615 7$aJudaism. 615 7$apsychology. 615 7$aJudaism and psychology. 615 17$aPsychologie. 615 17$aPsychotherapie. 615 17$aJodendom. 676 $a150/.5 712 02$aCenter for the Study of Psychology and Judaism, 906 $aJOURNAL 912 $a996217539703316 920 $aexl_impl conversion 996 $aJournal of psychology and Judaism$92493885 997 $aUNISA